| 000 | 00483nam a22001697a 4500 | ||
|---|---|---|---|
| 005 | 20250715123957.0 | ||
| 008 | 250715b |||||||| |||| 00| 0 eng d | ||
| 020 |
_a9780521706667 _qpbk |
||
| 041 | _aeng | ||
| 082 |
_a428.1 _bMCC |
||
| 100 | _aMccarthy, Michael | ||
| 100 | _aO'Dell, Felicity | ||
| 245 |
_aTest Your English Vocabulary In Use _cby Michael McCarthy & Felicity O' Dell |
||
| 260 |
_aLondon _bCambridge University Press _c2004 |
||
| 300 | _a92p. | ||
| 942 | _cENGLISH | ||
| 999 |
_c575914 _d575914 |
||